000
00295nam a22001217a 4500
020
_a
9788190851282
082
_a
550.066
_b
GUR/GE
100
_a
Gurugnanam, B
245
_a
Geographic information system
260
_a
New Delhi
_b
New India Publishing Agency
_c
2009
300
_a
194 p
942
_c
BK
999
_c
13756
_d
13756